Teoria i historiografia de l'art a la Catalunya del segle XIX / (Record n. 37239)

Dettagli MARC
000 -LEADER
fixed length control field 01085nam a2200277 i 4500
003 - CONTROL NUMBER IDENTIFIER
control field IT-RoINE
005 - DATE AND TIME OF LATEST TRANSACTION
control field 20230417130159.0
008 - FIXED-LENGTH DATA ELEMENTS--GENERAL INFORMATION
fixed length control field 190308s2018 sp |r||||o001 | cat d
020 ## - INTERNATIONAL STANDARD BOOK NUMBER
International Standard Book Number 9788491910329
040 ## - CATALOGING SOURCE
Original cataloging agency SpMaBN
Language of cataloging spa
Transcribing agency SpMaBN IT-RoINE
Description conventions rda
Modifying agency IT-RoINE
100 1# - MAIN ENTRY--PERSONAL NAME
Personal name Tarragó, Guillem,
Dates associated with a name 1985-
9 (RLIN) 71856
245 10 - TITLE STATEMENT
Title Teoria i historiografia de l'art a la Catalunya del segle XIX /
Statement of responsibility, etc Guillem Tarragó Valverde ; pròleg de Mireia Freixa
260 ## - PUBLICATION, DISTRIBUTION, ETC. (IMPRINT)
Place of publication, distribution, etc Barcelona :
Name of publisher, distributor, etc Publicacions de l'Abadia de Montserrat,
Date of publication, distribution, etc 2018.
300 ## - PHYSICAL DESCRIPTION
Extent 198 p. ;
Dimensions 22 cm.
336 ## - CONTENT TYPE
Content type term Texto
Source rdacontent
337 ## - MEDIA TYPE
Source rdamedia
Media type term unmediated
338 ## - CARRIER TYPE
Source rdacarrier
Carrier type term volume
490 1# - SERIES STATEMENT
Series statement Textos i estudis de cultura catalana ;
Volume number/sequential designation 227
500 ## - GENERAL NOTE
General note Incluye índice.
504 ## - BIBLIOGRAPHY, ETC. NOTE
Bibliography, etc Bibliografía: p. 169-194.
650 #4 - SUBJECT ADDED ENTRY--TOPICAL TERM
Topical term or geographic name as entry element Historiografía
Geographic subdivision España
-- Cataluña
9 (RLIN) 13733
General subdivision Historia
650 #4 - SUBJECT ADDED ENTRY--TOPICAL TERM
Topical term or geographic name as entry element Arte
Geographic subdivision España
-- Cataluña
Chronological subdivision Siglo 19o.
9 (RLIN) 71857
700 1# - ADDED ENTRY--PERSONAL NAME
Personal name Freixa, Mireia,
Dates associated with a name 1948-
9 (RLIN) 71858
830 #0 - SERIES ADDED ENTRY--UNIFORM TITLE
9 (RLIN) 27714
Uniform title Textos i estudis de cultura catalana (Publicacions de l'Abadia de Montserrat)
Volume number/sequential designation 227
942 ## - ADDED ENTRY ELEMENTS (KOHA)
Item type Monografías
Dati di copia
Withdrawn status Lost status Damaged status Not for loan Home library Current library Date acquired Full call number Barcode Date last seen Price effective from Koha item type
        Iglesia Nacional Española en Roma Iglesia Nacional Española en Roma 17/04/2023 ART.ARQ 1667 65089 17/04/2023 17/04/2023 Monografías